Capoluoghi più vicini a Roma - Statistics

Statistiche generali
  • Questo quiz è stato fatto 57 volte
  • Il punteggio medio è 12 su 15
Statistiche sulle risposte
Distanza (km) Capoluogo % Corretto
59 Latina
96%
77 Frosinone
94%
65 Rieti
94%
136 Perugia
92%
148 Grosseto
90%
91 L'Aquila
90%
75 Terni
88%
66 Viterbo
88%
155 Pescara
78%
147 Chieti
76%
149 Isernia
68%
139 Ascoli Piceno
66%
131 Teramo
64%
173 Fermo
60%
175 Macerata
60%
Nessun quiz corrispondente trovato
Distribuzione punteggi
Percentuale di utenti per punteggio
Percentile per numero di risposta
I tuoi punteggi nel tempo
Non hai fatto questo quiz